[Event "53rd World U20 ch"]
[Site "Pune IND"]
[Date "2014.10.12"]
[Round "7.31"]
[White "Deac, Bogdan-Daniel"]
[Black "Muthaiah, A. L."]
[Result "1/2-1/2"]
[WhiteElo "2402"]
[BlackElo "2215"]
[EventDate "2014.10.06"]
[PlyCount "83"]

1.d4 d5 2.c4 e6 3.Nc3 Be7 4.Bf4 Nf6 5.e3 O-O 6.Nf3 b6 7.Qc2 Ba6 8.Ne5 c5 
9.dxc5 Bxc5 10.Rd1 Bb4 11.Be2 Qc8 12.O-O Bxc3 13.Qxc3 Ne4 14.Qc2 f6 15.Nf3
Nd7 16.Ne1 Ne5 17.Bxe5 fxe5 18.b3 Nf6 19.Nd3 dxc4 20.Nxe5 cxb3 21.Qxc8 
Bxc8 22.axb3 Bb7 23.Rd4 Rfd8 24.Rfd1 Rxd4 25.Rxd4 Bd5 26.Bc4 a5 27.f3 b5 
28.Bxb5 Bxb3 29.Bc6 Rc8 30.e4 Kf8 31.g4 g5 32.Ba4 Bxa4 33.Rxa4 Rc5 34.Nc4 
Nd7 35.Nxa5 Rc3 36.Kg2 Ne5 37.Ra2 Ke7 38.Rf2 Kd6 39.Rd2+ Ke7 40.Rf2 Kd6 
41.h4 gxh4 42.Rd2+ 1/2-1/2

[Event "53rd World U20 ch"]
[Site "Pune IND"]
[Date "2014.10.12"]
[Round "7.32"]
[White "Megalios, Konstantinos"]
[Black "Sidhant, Mohapatra"]
[Result "1/2-1/2"]
[WhiteElo "2196"]
[BlackElo "2382"]
[EventDate "2014.10.06"]
[PlyCount "99"]

1.d4 Nf6 2.c4 g6 3.Nc3 d5 4.Nf3 Bg7 5.Bg5 Ne4 6.Bf4 Nxc3 7.bxc3 dxc4 8.e4 
c5 9.Bxc4 O-O 10.O-O Bg4 11.Rb1 Nc6 12.dxc5 Qxd1 13.Rfxd1 Bxf3 14.gxf3 
Bxc3 15.Bd5 e6 16.Bxc6 bxc6 17.Bd6 Rfd8 18.Rdc1 Bd2 19.Rc2 Bh6 20.Rb7 Bf8 
21.e5 g5 22.Rc4 Kg7 23.h4 h6 24.h5 Kg8 25.f4 f6 26.Kg2 a5 27.Kf3 fxe5 28.
fxe5 Bxd6 29.cxd6 Rf8+ 30.Ke3 Rf5 31.Kd4 Rc8 32.d7 Rd8 33.Rxc6 Rxf2 34.
Rxe6 Rd2+ 35.Ke4 R2xd7 36.Rxd7 Rxd7 37.Rxh6 Rd2 38.Ra6 g4 39.Rxa5 g3 40.
Ra3 Re2+ 41.Kd5 Rg2 42.Ke6 Kg7 43.Ke7 Kh6 44.e6 Kxh5 45.Ra8 Kh4 46.Rh8+ 
Kg4 47.Rg8+ Kh3 48.Rh8+ Kg4 49.a4 Ra2 50.Rg8+ 1/2-1/2

[Event "53rd World U20 ch"]
[Site "Pune IND"]
[Date "2014.10.12"]
[Round "7.33"]
[White "Pranav, Shetty"]
[Black "Gahwiler, Gabriel"]
[Result "1-0"]
[WhiteElo "2191"]
[BlackElo "2360"]
[EventDate "2014.10.06"]
[PlyCount "53"]

1.e4 c5 2.Nf3 d6 3.d4 cxd4 4.Nxd4 Nf6 5.Nc3 Nc6 6.Bg5 e6 7.Qd2 Be7 8.O-O-O
O-O 9.f3 a6 10.h4 Nxd4 11.Qxd4 b5 12.Kb1 b4 13.Qxb4 d5 14.Qd4 Rb8 15.exd5 
exd5 16.Nxd5 Nxd5 17.Qxd5 Qb6 18.b3 Bb7 19.Qe5 Bb4 20.Bc4 Rbc8 21.Qd4 Bc5 
22.Qg4 h5 23.Qxh5 Bd4 24.Bd3 g6 25.Qg4 f5 26.Bxf5 Bg7 27.Be6+ 1-0

[Event "53rd World U20 ch"]
[Site "Pune IND"]
[Date "2014.10.12"]
[Round "7.35"]
[White "Fong Yit San"]
[Black "Koksal, Ege"]
[Result "0-1"]
[WhiteElo "2149"]
[BlackElo "2321"]
[EventDate "2014.10.06"]
[PlyCount "100"]

1.e4 c6 2.d4 d5 3.exd5 cxd5 4.Bd3 Nf6 5.c3 Nc6 6.Bf4 Bg4 7.Qb3 Qd7 8.Nd2 
e6 9.Ngf3 Bxf3 10.Nxf3 Be7 11.O-O O-O 12.Rfe1 a6 13.a4 Bd6 14.Bxd6 Qxd6 
15.Ne5 Qc7 16.Qd1 g6 17.Qd2 Nxe5 18.dxe5 Nd7 19.Qe2 Nc5 20.Bc2 Qb6 21.Rab1
Nb3 22.Bxb3 Qxb3 23.Qd1 Qc4 24.Re3 b5 25.Ra1 Rfb8 26.b3 Qc5 27.g3 b4 28.
cxb4 Qxb4 29.Rc1 Rc8 30.Kg2 a5 31.Qe1 Qb7 32.f3 Rxc1 33.Qxc1 Rc8 34.Rc3 
Rxc3 35.Qxc3 Qb6 36.f4 Kg7 37.Kf3 d4 38.Qc4 Qb7+ 39.Kf2 Qe4 40.Qe2 Qh1 41.
h4 Qb1 42.Qd2 d3 43.Ke3 Qg1+ 44.Qf2 Qd1 45.Qd2 Qxb3 46.Qxd3 Qxa4 47.Qd8 
Qa3+ 48.Kf2 Qc5+ 49.Kf3 Qd5+ 50.Ke2 Qc5 0-1

[Event "53rd World U20 ch"]
[Site "Pune IND"]
[Date "2014.10.12"]
[Round "7.36"]
[White "Mohammad, Ashraf"]
[Black "Borisenko, Viacheslav"]
[Result "1-0"]
[WhiteElo "2132"]
[BlackElo "2316"]
[EventDate "2014.10.06"]
[PlyCount "117"]

1.d4 Nf6 2.c4 e6 3.g3 d5 4.Nf3 Be7 5.Bg2 O-O 6.O-O b6 7.Nc3 Bb7 8.Ne5 Nbd7
9.Qa4 c6 10.Rd1 Qc7 11.Bf4 Bd6 12.Nxd7 Qxd7 13.Be5 Rfd8 14.Rac1 Ne8 15.e4 
Nc7 16.Bxd6 Qxd6 17.Rd2 a6 18.cxd5 cxd5 19.e5 Qe7 20.Qb3 b5 21.Na4 Rdb8 
22.Nb6 Ra7 23.Rdc2 Ne8 24.a4 h6 25.a5 f6 26.f4 f5 27.Bf3 g6 28.Kh1 Kh7 29.
Rc5 Kg8 30.Qd3 Qf7 31.Qb3 Qe7 32.R1c3 Rd8 33.Qc2 Qf8 34.g4 Ba8 35.gxf5 
gxf5 36.Bh5 Ng7 37.Bg6 b4 38.Rh3 Ne8 39.Qg2 Kh8 40.Qg5 Qg7 41.Qxd8 Qxg6 
42.Rc8 Bc6 43.Rxc6 Rg7 44.Rg3 Qh5 45.Qxe8+ Qxe8 46.Rc8 Qxc8 47.Nxc8 Rc7 
48.Nd6 Rc1+ 49.Rg1 Rc2 50.Ne8 h5 51.Nf6 Rc8 52.Rg6 h4 53.Kg2 b3 54.Kh3 Rb8
55.Kxh4 Rc8 56.Kh5 Rd8 57.Kh6 Rf8 58.Rg7 Rxf6+ 59.exf6 1-0

[Event "53rd World U20 ch"]
[Site "Pune IND"]
[Date "2014.10.12"]
[Round "7.37"]
[White "Rahul Srivatshav, P."]
[Black "Blazeka, Matej"]
[Result "0-1"]
[WhiteElo "2061"]
[BlackElo "2311"]
[EventDate "2014.10.06"]
[PlyCount "124"]

1.d4 d5 2.Bf4 Nf6 3.e3 Bf5 4.c4 c6 5.Qb3 Qb6 6.c5 Qxb3 7.axb3 Nh5 8.Bc7 
Nd7 9.h3 Bxb1 10.Rxb1 e5 11.Nf3 exd4 12.exd4 Be7 13.Bd3 g6 14.O-O O-O 15.
Rfe1 Rfe8 16.Re3 Ng7 17.Rbe1 Ne6 18.Bg3 Bf6 19.Bf1 Rec8 20.Rd1 Ng5 21.Bf4 
Nxf3+ 22.Rxf3 Nf8 23.b4 Ne6 24.Be3 Bg7 25.b5 Nc7 26.bxc6 bxc6 27.Bf4 Rab8 
28.Ra3 Rxb2 29.Rxa7 Ne6 30.Be3 Rb4 31.Ba6 Rcb8 32.Re7 Kf8 33.Rd7 Bxd4 34.
Bxd4 Rb1 35.Rxb1 Rxb1+ 36.Kh2 Nxd4 37.Bb7 Rc1 38.Rc7 Rxc5 39.Ba8 Kg7 40.
Kg3 Rc3+ 41.f3 Rc2 42.h4 Kf6 43.Kh3 h6 44.Kg3 g5 45.hxg5+ hxg5 46.Bb7 Nf5+
47.Kh3 Ne7 48.Rd7 Ke6 49.Rd8 c5 50.g3 c4 51.Kg4 Rb2 52.Ba6 c3 53.Bd3 c2 
54.Bxc2 Rxc2 55.Kxg5 Rc3 56.Kg4 Rc8 57.Rxc8 Nxc8 58.f4 Nd6 59.Kf3 d4 60.g4
Kd5 61.g5 Nf5 62.Kg4 Ke4 0-1

[Event "53rd World U20 ch"]
[Site "Pune IND"]
[Date "2014.10.12"]
[Round "7.38"]
[White "Mithil, Ajgaonkar"]
[Black "Ganesh, R."]
[Result "0-1"]
[WhiteElo "2258"]
[BlackElo "2030"]
[EventDate "2014.10.06"]
[PlyCount "126"]

1.d4 d5 2.c4 c6 3.Nf3 Nf6 4.Nc3 a6 5.e3 b5 6.b3 Bg4 7.Be2 e6 8.O-O Nbd7 9.
Qc2 Bd6 10.e4 b4 11.e5 Bxf3 12.Bxf3 Nxe5 13.dxe5 Bxe5 14.cxd5 cxd5 15.Nxd5
Nxd5 16.Qc6+ Kf8 17.Rb1 Rc8 18.Qxa6 Nc3 19.Bd2 Qc7 20.Rbe1 Bxh2+ 21.Kh1 
Bd6 22.a3 Rd8 23.axb4 Bxb4 24.Bg5 Be7 25.Be3 Nd5 26.Bxd5 Rxd5 27.Kg1 Qd6 
28.Qa1 f6 29.Qa8+ Qd8 30.Qa6 Kf7 31.Bf4 Qd7 32.Rc1 e5 33.Be3 Rd8 34.Bb6 
Qe6 35.Rc7 R8d7 36.Qb7 Bd8 37.Qb8 Bxc7 38.Bxc7 Qc6 39.Bb6 Rb7 40.Qh8 Rxb6 
41.Qxh7 Qd7 42.Qh5+ Kg8 43.Ra1 Rb8 44.Ra4 Rd1+ 45.Kh2 Rd4 46.Ra6 Qg4 47.
Qxg4 Rxg4 48.Ra3 Rgb4 49.Ra7 Rxb3 50.f3 Rc8 51.Kg3 Rc2 52.Kg4 Rxg2+ 53.Kf5
Rxf3+ 54.Ke6 e4 55.Ra8+ Kh7 56.Ra4 f5 57.Kf7 Rg6 58.Ra1 Rf6+ 59.Ke7 e3 60.
Rh1+ Rh6 61.Rg1 e2 62.Kf7 Rf6+ 63.Ke7 Rf1 0-1

[Event "53rd World U20 ch"]
[Site "Pune IND"]
[Date "2014.10.12"]
[Round "7.39"]
[White "Prasannaa, S."]
[Black "Swain, Ashirwad"]
[Result "1/2-1/2"]
[WhiteElo "2232"]
[BlackElo "1998"]
[EventDate "2014.10.06"]
[PlyCount "145"]

1.d4 d5 2.c4 c6 3.Nf3 Nf6 4.Nc3 a6 5.c5 Bf5 6.Qb3 Ra7 7.Bf4 Nbd7 8.Rc1 g6 
9.h3 Bg7 10.e3 Ne4 11.Nxe4 Bxe4 12.Nd2 e5 13.dxe5 Qa5 14.e6 Nxc5 15.exf7+ 
Kd7 16.Rxc5 Qxc5 17.f3 Bc2 18.Qa3 Qxa3 19.bxa3 Rf8 20.Nb3 Bxb3 21.axb3 
Rxf7 22.Kd2 Ra8 23.Bd3 Bf8 24.a4 Bd6 25.Bg5 Be7 26.Bf4 Re8 27.h4 Bb4+ 28.
Kc2 Bc5 29.Kd2 d4 30.Be4 dxe3+ 31.Bxe3 Bxe3+ 32.Kxe3 Kd6 33.h5 Kc5 34.hxg6
hxg6 35.Kd3 Kb4 36.Kc2 Rxe4 37.fxe4 Rf2+ 38.Kd3 Rxg2 39.e5 Kc5 40.Ke4 Re2+
41.Kf4 Rf2+ 42.Ke4 g5 43.Rc1+ Kb4 44.e6 Re2+ 45.Kf5 Kxb3 46.Rb1+ Kxa4 47.
Rxb7 c5 48.e7 c4 49.Kf6 c3 50.Rc7 Kb3 51.Rb7+ Ka2 52.Ra7 c2 53.Rxa6+ Kb2 
54.Rb6+ Kc3 55.Rc6+ Kd2 56.Rd6+ Ke1 57.Rc6 Kd1 58.Rd6+ Kc1 59.Rd8 g4 60.
Rg8 Kb2 61.Rb8+ Ka3 62.Ra8+ Kb3 63.Rb8+ Kc3 64.Rc8+ Kd2 65.Rd8+ Kc1 66.Rg8
Rf2+ 67.Kg6 Re2 68.Kf7 Rf2+ 69.Kg6 Re2 70.Kf7 Rxe7+ 71.Kxe7 Kd2 72.Rd8+ 
Ke3 73.Rc8 1/2-1/2

[Event "53rd World U20 ch"]
[Site "Pune IND"]
[Date "2014.10.12"]
[Round "7.40"]
[White "Vignesh, N. R."]
[Black "Pranavananda, V."]
[Result "1-0"]
[WhiteElo "2360"]
[BlackElo "2136"]
[EventDate "2014.10.06"]
[PlyCount "69"]

1.e4 c6 2.Nc3 d5 3.d4 g6 4.h3 Bg7 5.Nf3 dxe4 6.Nxe4 Nd7 7.Bc4 Ngf6 8.Ng3 
O-O 9.O-O b5 10.Bd3 Bb7 11.Re1 a6 12.b3 c5 13.Bb2 Re8 14.c4 cxd4 15.Nxd4 
Nc5 16.Bf1 Nfe4 17.Nxe4 Nxe4 18.cxb5 a5 19.Nc6 Bxc6 20.Qxd8 Rexd8 21.Bxg7 
Bb7 22.Bh6 g5 23.f3 Rd6 24.fxe4 Rxh6 25.Rac1 Rb8 26.Rc7 Kf8 27.Bc4 g4 28.
hxg4 Rg6 29.a4 Rxg4 30.Bd5 Bxd5 31.exd5 Re8 32.b6 Rb4 33.d6 exd6 34.Rxe8+ 
Kxe8 35.b7 1-0

[Event "53rd World U20 ch"]
[Site "Pune IND"]
[Date "2014.10.12"]
[Round "7.41"]
[White "Von Meijenfeldt, Bart"]
[Black "Nishant, Malhotra"]
[Result "1/2-1/2"]
[WhiteElo "2354"]
[BlackElo "2129"]
[EventDate "2014.10.06"]
[PlyCount "151"]

1.e4 e5 2.Nf3 Nc6 3.Bb5 a6 4.Ba4 Nf6 5.O-O Bc5 6.c3 b5 7.Bc2 d5 8.a4 b4 9.
d4 dxe4 10.dxc5 Qxd1 11.Bxd1 exf3 12.Bxf3 e4 13.Re1 O-O 14.Bxe4 Re8 15.f3 
Bf5 16.Nd2 Rad8 17.Kf1 Bxe4 18.Nxe4 Nxe4 19.fxe4 bxc3 20.bxc3 Rd3 21.Bf4 
Rxc3 22.Bxc7 Rxc5 23.Rac1 Rxc1 24.Rxc1 Re6 25.Rb1 Kf8 26.Rb6 Ke7 27.Rxa6 
Kd7 28.Bg3 Rxe4 29.a5 Ra4 30.Be1 h5 31.Ra8 g5 32.a6 Ra1 33.Ke2 Ra2+ 34.Bd2
Nb4 35.a7 Nc6 36.Rg8 Rxa7 37.Rxg5 Ke6 38.Rxh5 Nd4+ 39.Kd3 Nf5 40.g4 Rd7+ 
41.Ke2 Ne7 42.Ra5 Rd4 43.Ra6+ Kd7 44.Ra7+ Ke6 45.Ra6+ Kd7 46.g5 Ng6 47.Rf6
Ke8 48.Rf3 Rh4 49.h3 Kf8 50.Kf2 Rd4 51.Bc3 Rc4 52.Bf6 Kg8 53.Kg3 Ra4 54.
Bb2 Rb4 55.Ba3 Rc4 56.Bb2 Rb4 57.Bc1 Rc4 58.Bf4 Nxf4 59.Rxf4 Rc1 60.Kg4 
Kg7 61.h4 Rg1+ 62.Kh3 Rh1+ 63.Kg2 Ra1 64.Kf3 Rf1+ 65.Kg4 Rxf4+ 66.Kxf4 f6 
67.Kf5 fxg5 68.hxg5 Kf7 69.Ke4 Kg6 70.Kf4 Kg7 71.Kf5 Kf7 72.g6+ Kg7 73.Kg5
Kg8 74.Kf6 Kf8 75.g7+ Kg8 76.Kg6 1/2-1/2

[Event "53rd World U20 ch"]
[Site "Pune IND"]
[Date "2014.10.12"]
[Round "7.42"]
[White "Nihal, Sarin"]
[Black "Nasanjargal, Urtnasan"]
[Result "0-1"]
[WhiteElo "2018"]
[BlackElo "2330"]
[EventDate "2014.10.06"]
[PlyCount "54"]

1.d4 d5 2.c4 e6 3.Nc3 Be7 4.Nf3 Nf6 5.Bf4 O-O 6.e3 Nbd7 7.a3 Ne4 8.Nxe4 
dxe4 9.Nd2 f5 10.c5 Nf6 11.Be2 Nd5 12.Be5 Bf6 13.Nc4 Bxe5 14.Nxe5 Qh4 15.
g3 Qh3 16.Bf1 Qh6 17.Qd2 b6 18.Bc4 a5 19.cxb6 cxb6 20.Bxd5 exd5 21.Qc3 Ba6
22.Qc6 Qh5 23.Qxd5+ Kh8 24.g4 fxg4 25.O-O-O Bd3 26.Qd7 Rac8+ 27.Nc6 Qb5 
0-1

[Event "53rd World U20 ch"]
[Site "Pune IND"]
[Date "2014.10.12"]
[Round "7.43"]
[White "Kozganbay, Erkin"]
[Black "Abhijith, M."]
[Result "1-0"]
[WhiteElo "2328"]
[BlackElo "2126"]
[EventDate "2014.10.06"]
[PlyCount "69"]

1.Nf3 Nf6 2.g3 g6 3.b3 Bg7 4.Bb2 O-O 5.Bg2 d5 6.c4 c6 7.O-O Bg4 8.h3 Bxf3 
9.Bxf3 Nbd7 10.d3 Re8 11.e3 e5 12.Bg2 Qb6 13.Nc3 dxc4 14.Na4 Qc7 15.bxc4 
Rad8 16.Qb3 Bf8 17.Rab1 Nc5 18.Nxc5 Bxc5 19.Rfd1 Nh5 20.d4 exd4 21.exd4 
Bf8 22.d5 c5 23.Bf3 Ng7 24.Qc3 f5 25.Re1 Bd6 26.Kg2 b6 27.a4 Qf7 28.Re6 
Bf8 29.Rbe1 Rxe6 30.dxe6 Qe7 31.Bd5 Rd6 32.Qf6 Rd8 33.Qf7+ Qxf7 34.exf7+ 
Kh8 35.Re8 1-0

[Event "53rd World U20 ch"]
[Site "Pune IND"]
[Date "2014.10.12"]
[Round "7.44"]
[White "Fisher, William"]
[Black "Gajwa, Ankit"]
[Result "0-1"]
[WhiteElo "2313"]
[BlackElo "2110"]
[EventDate "2014.10.06"]
[PlyCount "77"]

1.e4 c5 2.Nf3 d6 3.d4 cxd4 4.Nxd4 Nf6 5.Nc3 g6 6.Be3 Bg7 7.f3 O-O 8.Qd2 
Nc6 9.Bc4 Bd7 10.O-O-O Rb8 11.Bb3 Na5 12.Kb1 b5 13.g4 Nc4 14.Bxc4 bxc4 15.
Ka1 Qa5 16.Nd5 Qxd2 17.Nxe7+ Kh8 18.Rxd2 Rfe8 19.Bf4 Rxe7 20.Bxd6 Ree8 21.
Bxb8 Rxb8 22.c3 Ba4 23.h4 Nd7 24.b3 cxb3 25.axb3 Bxb3 26.Rb1 Nc5 27.Ra2 
Rc8 28.Rxa7 Bc4 29.Ra3 Ne6 30.Nxe6 Bxe6 31.Kb2 h6 32.Kc2 Bf6 33.h5 gxh5 
34.gxh5 Bg5 35.Rg1 Be3 36.Rd1 Kg7 37.Ra6 Bf4 38.Rg1+ Kf8 39.Rga1 0-1

[Event "53rd World U20 ch"]
[Site "Pune IND"]
[Date "2014.10.12"]
[Round "7.45"]
[White "Lokesh, P."]
[Black "Manigandan, S. S."]
[Result "1-0"]
[WhiteElo "2303"]
[BlackElo "2099"]
[EventDate "2014.10.06"]
[PlyCount "157"]

1.e4 e6 2.d4 d5 3.Nd2 Nf6 4.e5 Nfd7 5.Bd3 c5 6.c3 Nc6 7.Ne2 cxd4 8.cxd4 f6
9.exf6 Qxf6 10.Nf3 h6 11.O-O Bd6 12.Bc2 O-O 13.Be3 Rd8 14.Qd2 Nf8 15.Bf4 
Bxf4 16.Nxf4 Bd7 17.Rfe1 Be8 18.Ba4 Rac8 19.h3 b6 20.Bxc6 Bxc6 21.Ne5 Be8 
22.Rac1 Qf5 23.Ne2 Ng6 24.Nxg6 Bxg6 25.Nf4 Rxc1 26.Qxc1 Re8 27.a3 Rf8 28.
g3 Bf7 29.Re5 Qf6 30.h4 Kh8 31.h5 Re8 32.Qc7 Re7 33.Qc3 Re8 34.Qe3 Kh7 35.
Kg2 Rf8 36.Nxe6 Rc8 37.Nf4 Rd8 38.Re7 a5 39.Re5 Rd6 40.Re7 Qf5 41.Qe5 Rf6 
42.Qxf5+ Rxf5 43.Rd7 Be8 44.Rd6 Rf6 45.Rxf6 gxf6 46.Kf3 Kg7 47.Ke3 Bf7 48.
g4 f5 49.f3 Kf6 50.Nh3 Be6 51.Kf4 fxg4 52.fxg4 Bf7 53.Ng1 Be8 54.Ne2 a4 
55.Nc3 Bc6 56.Na2 Ba8 57.Nb4 Bb7 58.Nd3 Bc6 59.Ne5 Be8 60.Nf3 Bf7 61.Ne5 
Be8 62.Kg3 Kg5 63.Nf3+ Kf6 64.Kh4 Bb5 65.g5+ hxg5+ 66.Nxg5 Bd3 67.h6 Bf5 
68.h7 Bxh7 69.Nxh7+ Kf5 70.Ng5 Kf4 71.Ne6+ Ke3 72.Kg5 Kd3 73.Kf5 Kc2 74.
Nc7 Kxb2 75.Nb5 Kb3 76.Ke5 Kc4 77.Nd6+ Kb3 78.Kxd5 Kxa3 79.Nb5+ 1-0

[Event "53rd World U20 ch"]
[Site "Pune IND"]
[Date "2014.10.12"]
[Round "7.46"]
[White "Nazario, Marc Christian"]
[Black "Patil, Pratik"]
[Result "1-0"]
[WhiteElo "2029"]
[BlackElo "2231"]
[EventDate "2014.10.06"]
[PlyCount "97"]

1.e4 c5 2.Nf3 e6 3.c4 Nc6 4.Nc3 d6 5.Be2 Nf6 6.O-O Be7 7.d4 cxd4 8.Nxd4 
O-O 9.Be3 a6 10.Rc1 Bd7 11.f4 Nxd4 12.Qxd4 Bc6 13.f5 Nd7 14.fxe6 fxe6 15.
Bg4 Nc5 16.Qd2 e5 17.Rxf8+ Bxf8 18.Bxc5 dxc5 19.Be6+ Kh8 20.Qxd8 Rxd8 21.
Bd5 Be7 22.Rd1 Bg5 23.Kf2 Be8 24.Bxb7 Rb8 25.Bxa6 Rxb2+ 26.Kf3 Bd2 27.Bb5 
Bxc3 28.Rd8 g6 29.Rxe8+ Kg7 30.Re7+ Kf6 31.Rxh7 Rxa2 32.h4 Be1 33.g4 Rf2+ 
34.Ke3 Rh2 35.g5+ Ke6 36.Bc6 Bxh4 37.Bd5+ Kd6 38.Kd3 Rh3+ 39.Kc2 Rh2+ 40.
Kb3 Rh3+ 41.Ka4 Rh1 42.Rh6 Ra1+ 43.Kb5 Bf2 44.Rxg6+ Kd7 45.Rg7+ Kd6 46.g6 
Rb1+ 47.Ka6 Be3 48.Rh7 Bg5 49.g7 1-0

[Event "53rd World U20 ch"]
[Site "Pune IND"]
[Date "2014.10.12"]
[Round "7.47"]
[White "Rindlisbacher, Jan"]
[Black "Roshan, Rangarajan"]
[Result "1/2-1/2"]
[WhiteElo "2217"]
[BlackElo "2088"]
[EventDate "2014.10.06"]
[PlyCount "95"]

1.d4 Nf6 2.c4 e5 3.dxe5 Ng4 4.Nf3 Bc5 5.e3 Nc6 6.a3 a5 7.b3 Ngxe5 8.Nxe5 
Nxe5 9.Bb2 d6 10.Be2 Qg5 11.O-O Bh3 12.Bf3 O-O 13.Nc3 Nxf3+ 14.Qxf3 Be6 
15.Rfd1 c6 16.Ne4 Qg6 17.Qf4 Rfd8 18.Rd2 Qf5 19.Qg3 Qg4 20.Qxg4 Bxg4 21.h3
Bf5 22.Ng3 Be6 23.Rad1 Rd7 24.Ne4 Rad8 25.Bc3 Bxa3 26.Bxa5 Ra8 27.Bc3 d5 
28.Ng5 Be7 29.Nxe6 fxe6 30.e4 Ra3 31.Rb1 Kf7 32.Rd3 Bf6 33.Rf3 dxe4 34.Rf4
Rd3 35.Bxf6 gxf6 36.Rxe4 Raxb3 37.Rbe1 e5 38.f4 exf4 39.Rxf4 Rb2 40.Ref1 
Rd6 41.R1f3 b5 42.c5 Re6 43.Rd3 Ree2 44.Rd7+ Re7 45.Rd6 Re6 46.Rd7+ Re7 
47.Rd6 Re6 48.Rd7+ 1/2-1/2

[Event "53rd World U20 ch"]
[Site "Pune IND"]
[Date "2014.10.12"]
[Round "7.48"]
[White "Praggnanandhaa, R."]
[Black "Ronka, Erik"]
[Result "1/2-1/2"]
[WhiteElo "1836"]
[BlackElo "2183"]
[EventDate "2014.10.06"]
[PlyCount "151"]

1.e4 c6 2.d4 d5 3.e5 Bf5 4.Bd3 Bxd3 5.Qxd3 e6 6.Ne2 c5 7.Nbc3 Nc6 8.Bf4 a6
9.O-O Nge7 10.dxc5 Ng6 11.Qg3 Bxc5 12.Nc1 Qh4 13.Qxh4 Nxh4 14.Nd3 Ba7 15.
Ne2 Ng6 16.Bg3 h5 17.h4 Bb8 18.f4 Ba7+ 19.Kh1 Nce7 20.Kh2 Nf5 21.Kh3 Rc8 
22.c3 Ke7 23.Be1 Rhd8 24.g3 d4 25.cxd4 Bxd4 26.Bb4+ Ke8 27.Rac1 Be3 28.
Rxc8 Rxc8 29.Bc3 Nge7 30.Kg2 Rd8 31.Ndc1 Nd5 32.Kf3 Nxc3 33.bxc3 Rd2 34.a4
Kd7 35.Re1 Kc7 36.Nb3 Rc2 37.Rd1 Rb2 38.Na5 Bc5 39.Nc4 Ra2 40.a5 Ra4 41.
Nd2 Rxa5 42.Ne4 Be7 43.Nd4 Rd5 44.Rc1 Nxd4+ 45.cxd4+ Kb8 46.Ke3 g6 47.Nc3 
Rd7 48.Rd1 b5 49.Ke4 b4 50.Na4 Kb7 51.Rc1 Rd5 52.Kd3 Rd8 53.Ke4 a5 54.Kd3 
Rd7 55.Rc4 Ka6 56.Kc2 Kb5 57.Kb3 Bd8 58.Rc5+ Ka6 59.Kc4 Bb6 60.Rc6 Rxd4+ 
61.Kb3 Rd3+ 62.Kc2 Ra3 63.Nxb6 Kb5 64.Rd6 Rxg3 65.Nd7 a4 66.Rb6+ Ka5 67.
Rb8 b3+ 68.Kb2 Rg2+ 69.Kc3 Rc2+ 70.Kd3 Rc7 71.Nb6 Rc1 72.Nc4+ Ka6 73.Rb6+ 
Ka7 74.Rb4 Ra1 75.Kc3 Rc1+ 76.Kd3 1/2-1/2

[Event "53rd World U20 ch"]
[Site "Pune IND"]
[Date "2014.10.12"]
[Round "7.49"]
[White "Sahoo, Utkal Ranjan"]
[Black "Chaithanyaa, K. G."]
[Result "1-0"]
[WhiteElo "2170"]
[BlackElo "2029"]
[EventDate "2014.10.06"]
[PlyCount "163"]

1.d4 Nf6 2.Nf3 d5 3.c4 e6 4.e3 c5 5.Nc3 a6 6.cxd5 exd5 7.Be2 Bd6 8.dxc5 
Bxc5 9.O-O O-O 10.a3 Nc6 11.b4 Ba7 12.Bb2 Re8 13.Rc1 a5 14.bxa5 Nxa5 15.
Nb5 Bb8 16.Qc2 Ne4 17.Nc7 Bxc7 18.Qxc7 Nc4 19.Qxd8 Rxd8 20.Bxc4 dxc4 21.
Rxc4 Nd2 22.Nxd2 Rxd2 23.Rd4 Rxd4 24.exd4 Be6 25.Rd1 Ra5 26.f3 f6 27.Kf2 
Kf7 28.Rc1 Bd5 29.Rc7+ Kg6 30.h4 h5 31.Kg3 Bc6 32.Re7 Rd5 33.Bc3 Rd7 34.
Re1 Kf5 35.Rd1 Bd5 36.Bb4 Bc6 37.Bc5 Bd5 38.Kf2 Bc6 39.Re1 Bb5 40.Rg1 Bc6 
41.Ke3 g5 42.hxg5 fxg5 43.Kf2 g4 44.Re1 h4 45.Re5+ Kf4 46.fxg4 Kxg4 47.Kg1
h3 48.gxh3+ Kxh3 49.Kf2 Kg4 50.Ke3 Rd5 51.Re7 Rd7 52.Re6 Kf5 53.Re5+ Kf6 
54.Kd3 Rd5 55.Re1 Rf5 56.Kc4 Rf4 57.Be7+ Kf7 58.Bb4 Re4 59.Rd1 Ke6 60.Kc5 
Kd7 61.Rg1 Re2 62.Rg7+ Ke6 63.Rg6+ Kd7 64.Rd6+ Kc8 65.Ba5 Rc2+ 66.Kb4 Bd7 
67.Rh6 Bc6 68.Kb3 Rc1 69.Kb2 Rc4 70.Bb6 Be4 71.Rd6 Kb8 72.a4 Rc6 73.Rd8+ 
Rc8 74.Rd7 Bc6 75.Rg7 Bxa4 76.d5 Bb5 77.Ka3 Bd3 78.d6 Bf5 79.Kb4 Rc6 80.
Rg8+ Rc8 81.Bc7+ Ka7 82.Rg5 1-0

[Event "53rd World U20 ch"]
[Site "Pune IND"]
[Date "2014.10.12"]
[Round "7.50"]
[White "Yogesh, Gautam"]
[Black "Gandhi, Anish"]
[Result "1/2-1/2"]
[WhiteElo "2144"]
[BlackElo "2068"]
[EventDate "2014.10.06"]
[PlyCount "71"]

1.e4 c6 2.d4 d5 3.f3 dxe4 4.fxe4 e5 5.Nf3 Bg4 6.Bc4 Nd7 7.O-O Ngf6 8.c3 
Bd6 9.Bg5 Qb6 10.Nbd2 O-O 11.Qc2 exd4 12.cxd4 Ne5 13.Kh1 Nxf3 14.gxf3 Bh3 
15.e5 Bxf1 16.Rxf1 Nd5 17.Ne4 Be7 18.Rg1 Bxg5 19.Rxg5 g6 20.Bxd5 cxd5 21.
Nf6+ Kg7 22.Qd2 h6 23.Rg3 Qb5 24.Nh5+ Kh7 25.Nf6+ Kg7 26.Qf4 Rac8 27.Ng4 
Qf1+ 28.Rg1 Qh3 29.Rg3 Qh4 30.Qd2 Qg5 31.Qd3 Rc1+ 32.Kg2 Rfc8 33.Ne3 Qh5 
34.Rh3 Qg5+ 35.Rg3 Qh5 36.Rh3 1/2-1/2

[Event "53rd World U20 ch"]
[Site "Pune IND"]
[Date "2014.10.12"]
[Round "7.51"]
[White "Arjun, Satheesh"]
[Black "Siva, Mahadevan"]
[Result "1/2-1/2"]
[WhiteElo "2004"]
[BlackElo "2141"]
[EventDate "2014.10.06"]
[PlyCount "60"]

1.d4 d5 2.Nf3 c6 3.c4 Nf6 4.e3 Bg4 5.Qb3 Qb6 6.Ne5 Bf5 7.Bd3 Bxd3 8.Qxd3 
e6 9.O-O Nbd7 10.Nxd7 Nxd7 11.b3 Be7 12.Ba3 Bxa3 13.Nxa3 O-O 14.Rfc1 f5 
15.f4 Rae8 16.c5 Qc7 17.b4 g5 18.g3 gxf4 19.gxf4 a6 20.Nb1 Nf6 21.Nd2 Kh8 
22.Kh1 Rg8 23.Rg1 Rg6 24.Qe2 Reg8 25.Rxg6 Rxg6 26.Rg1 Qg7 27.Rxg6 Qxg6 28.
Qg2 Ng4 29.Qg3 Qh5 30.Kg2 Nf6 1/2-1/2

[Event "53rd World U20 ch"]
[Site "Pune IND"]
[Date "2014.10.12"]
[Round "7.52"]
[White "Abhishek, A."]
[Black "Sudarshan, Malga"]
[Result "0-1"]
[WhiteElo "2138"]
[BlackElo "2007"]
[EventDate "2014.10.06"]
[PlyCount "70"]

1.d4 d5 2.Nf3 Nf6 3.c4 e6 4.Bg5 h6 5.Bxf6 Qxf6 6.Nc3 Bb4 7.Qa4+ Nc6 8.e3 
O-O 9.Bd3 dxc4 10.Bxc4 a6 11.Qc2 e5 12.d5 e4 13.Nd2 Ne5 14.O-O Bf5 15.Qb3 
Bxc3 16.Qxc3 Qd6 17.Rfc1 Rac8 18.Qd4 Ng4 19.Nf1 Bg6 20.f4 Rfd8 21.Ng3 Qe7 
22.Bb3 c5 23.Qd2 Qh4 24.Nf1 b5 25.a4 c4 26.axb5 axb5 27.Ba2 Rc5 28.d6 Rc6 
29.g3 Qh5 30.Rd1 Qc5 31.Qd5 Qb6 32.Qd2 Rcxd6 33.Qe2 Rxd1 34.Rxd1 Rxd1 35.
Qxg4 Qxe3+ 0-1

[Event "53rd World U20 ch"]
[Site "Pune IND"]
[Date "2014.10.12"]
[Round "7.53"]
[White "Doluweera, Minul Sanjula"]
[Black "Pastar, Slaven"]
[Result "0-1"]
[WhiteElo "1827"]
[BlackElo "2159"]
[EventDate "2014.10.06"]
[PlyCount "80"]

1.d4 d5 2.c4 c6 3.cxd5 cxd5 4.Nc3 Nf6 5.Nf3 g6 6.Bf4 a6 7.h3 Bg7 8.e3 O-O 
9.Bd3 Nc6 10.O-O b5 11.Rc1 Bb7 12.Nd2 Na5 13.a4 b4 14.Na2 Nc6 15.Nb3 Nd7 
16.Qd2 a5 17.Rc2 e5 18.dxe5 Ncxe5 19.Bb5 Nb6 20.Nc5 Bc8 21.b3 h5 22.Nd3 
Nxd3 23.Bxd3 Ra7 24.Rfc1 Bb7 25.Nxb4 axb4 26.Qxb4 Na8 27.Bb5 d4 28.Bd6 
dxe3 29.fxe3 Qg5 30.Bxf8 Qxe3+ 31.Kf1 Bd4 32.Bc5 Qg1+ 33.Ke2 Qxg2+ 34.Kd1 
Bf3+ 35.Be2 Bxc5 36.Qe1 Be3 37.Rc8+ Kh7 38.R1c3 Rd7+ 39.Kc2 Bxe2 40.Rxe3 
Ba6+ 0-1

[Event "53rd World U20 ch"]
[Site "Pune IND"]
[Date "2014.10.12"]
[Round "7.54"]
[White "Yashas, D."]
[Black "Rakesh, Kumar Nayak"]
[Result "1/2-1/2"]
[WhiteElo "2159"]
[BlackElo "2057"]
[EventDate "2014.10.06"]
[PlyCount "127"]

1.b3 Nf6 2.Bb2 d5 3.e3 Bf5 4.f4 e6 5.Nf3 Nbd7 6.Be2 Be7 7.O-O h5 8.Ne5 h4 
9.Bf3 Bd6 10.d3 Qe7 11.Qe2 O-O-O 12.Nd2 Rhg8 13.e4 dxe4 14.Nxe4 Nxe4 15.
Bxe4 Nxe5 16.fxe5 Bc5+ 17.Kh1 g6 18.a4 Kb8 19.c3 Qd7 20.d4 Be7 21.b4 f6 
22.exf6 Bxf6 23.Qf3 Bxe4 24.Qxe4 Rdf8 25.a5 Qd5 26.Rae1 Qxe4 27.Rxe4 Bxd4 
28.Ref4 Rxf4 29.Rxf4 Be5 30.Re4 Rd8 31.Kg1 Rd5 32.Kf2 Kc8 33.Kf3 Bxh2 34.
Rxh4 Rh5 35.Rg4 Rf5+ 36.Ke2 g5 37.g3 Bg1 38.Bc1 Rf2+ 39.Kd3 Rf3+ 40.Kc4 
Bf2 41.Rxg5 Rxg3 42.Rh5 Rg4+ 43.Kd3 Kd7 44.Ke2 Bg3 45.Kf3 Rc4 46.Bd2 Bd6 
47.Ke2 e5 48.Kd3 Rg4 49.b5 b6 50.a6 Ke6 51.Be3 Kd5 52.Rf5 Rg3 53.c4+ Ke6 
54.Rg5 Rxg5 55.Bxg5 Kf5 56.Bd8 Kf4 57.c5 e4+ 58.Ke2 bxc5 59.b6 cxb6 60.
Bxb6 Bb8 61.Bxc5 Ke5 62.Be3 Kd5 63.Bf2 Kc4 64.Ke3 1/2-1/2

[Event "53rd World U20 ch"]
[Site "Pune IND"]
[Date "2014.10.12"]
[Round "7.55"]
[White "Sammed Jaykumar, Shete"]
[Black "Nitish, Belurkar"]
[Result "1-0"]
[WhiteElo "2139"]
[BlackElo "2046"]
[EventDate "2014.10.06"]
[PlyCount "95"]

1.e4 d5 2.exd5 Nf6 3.Nf3 Nxd5 4.d4 Bf5 5.c3 e6 6.Be2 Be7 7.O-O O-O 8.Re1 
c5 9.Nbd2 Nc6 10.Nb3 b6 11.a3 Qc7 12.c4 Nf6 13.Be3 Rad8 14.Qc1 cxd4 15.
Nbxd4 Nxd4 16.Nxd4 Be4 17.Bf3 Bxf3 18.Nxf3 Ng4 19.Bf4 Qc5 20.Bg3 Bd6 21.b4
Qc7 22.Qg5 Nf6 23.Ne5 Nd7 24.Ng4 Bxg3 25.hxg3 f5 26.Rxe6 fxg4 27.Re7 g6 
28.Qd5+ Kh8 29.Rd1 Qc8 30.Rxd7 Rxd7 31.Qxd7 Qxc4 32.Qxa7 Qe2 33.Rd7 Qxf2+ 
34.Kh2 Qf6 35.Rxh7+ Kg8 36.Rh4 Rf7 37.Qa8+ Rf8 38.Qb7 Rf7 39.Qc8+ Rf8 40.
Qxg4 Rf7 41.Qc8+ Rf8 42.Qc4+ Kg7 43.Rf4 Rh8+ 44.Kg1 Qe7 45.Re4 Qf6 46.Qc7+
Kh6 47.Rh4+ Kg5 48.Qc1+ 1-0